| 000 | 00571cam a22002053a 4500 | ||
|---|---|---|---|
| 001 | 43297 | ||
| 003 | PGUSA | ||
| 005 | 20140828084002.0 | ||
| 008 | 130725s2013||||xxu|||||s|||||000 | eng d | ||
| 040 |
_aPGUSA _beng |
||
| 042 | _adc | ||
| 100 | 1 | _aSearle, Alfred B. | |
| 245 | 1 | 4 |
_aThe Natural History of Clay _h[electronic resource] / _cAlfred B. Searle |
| 260 |
_bProject Gutenberg, _c2013 |
||
| 506 | _aPublic domain in the USA. | ||
| 516 | _aElectronic text | ||
| 830 | 0 |
_aProject Gutenberg _v43297 |
|
| 856 | 4 | 0 | _uhttp://www.gutenberg.org/ebooks/43297 |
| 942 | _cEB | ||
| 999 |
_c272548 _d272548 |
||